Demonštrácia kryptoanalýzy transpozičných šifier

Gespeichert in:
Bibliographische Detailangaben
1. Verfasser: Lapčák, Juraj (Verfasst von)
Weitere Verfasser: Antal, Eugen (Betreuung Doktorarbeit)
Format: Manuskript Buch
Sprache:Slowakisch
Veröffentlicht: Bratislava : STU v Bratislave FEI, 2023
Schlagworte:
Online-Zugang:https://opac.crzp.sk/?fn=detailBiblioFormChildO13NI&sid=C0DEB8E07572332BA3270A15805F&seo=CRZP-detail-kniha
Tags: Tag hinzufügen
Keine Tags, Fügen Sie das erste Tag hinzu!

MARC

LEADER 00000ntm a22000003a 4500
001 stuzp92731
003 SK-STU
005 20241213083719.1
007 ta
008 150427s2015----xo-----f-mn---000-0-slo-d
040 |a STU  |b slo 
041 0 |a slo 
044 |a xo 
100 1 |a Lapčák, Juraj  |u 035000  |4 aut  |U FEI Fakulta elektrotechniky a informatiky  |T FEI Ústav informatiky a matematiky  |X 97855  |U E050  |Y 816  |7 97855 
242 0 1 |a Demonstration of the cryptanalysis of transposition ciphers  |y eng 
245 1 0 |a Demonštrácia kryptoanalýzy transpozičných šifier 
260 |a Bratislava :  |b STU v Bratislave FEI,  |c 2023 
300 |a 79 s. 
650 4 |a Angular  |2 slo 
650 4 |a šifry  |2 slo 
650 4 |a HCPortal  |2 slo 
650 4 |a trasponzičné šifry  |2 slo 
650 4 |a transpozícia  |2 slo 
650 4 |a transposition ciphers  |2 eng 
650 4 |a HCPortal  |2 eng 
650 4 |a ciphers  |2 eng 
650 4 |a transposition  |2 eng 
650 4 |a Angular  |2 eng 
700 1 |a Antal, Eugen  |u 035000  |k Z1  |4 ths  |U FEI Fakulta elektrotechniky a informatiky  |T FEI Ústav informatiky a matematiky  |X 36087  |U E050  |Y 816  |7 A000036087 
856 4 |u https://opac.crzp.sk/?fn=detailBiblioFormChildO13NI&sid=C0DEB8E07572332BA3270A15805F&seo=CRZP-detail-kniha